000 00493nmm a2200157Ia 4500
008 251105s9999||||xx |||||||||||||||||und||
020 _a9781612360638
041 _aspa
100 _aStone, Lynn
245 0 _a¿Cómo usan los animales... su boca? = How do animals use... their mouths?
264 _a[Madrid, España] :
_bRourke Educational Media,
_c2008
300 _a24 páginas
650 _aAges 6-8 Years Old
856 _uhttps://public.digitaliapublishing.com/a/24562
942 _cCF
999 _c75032
_d75032